000 00319nam a2200133Ia 4500
005 20251222144857.0
008 251222s9999||||xx |||||||||||||| ||spa||
082 _a335.82/O25
100 _aOblitas, Alfonso
245 0 _aTerminología del Sindicalismo Clasista
250 _a2a.ed.
264 _bUnidad
942 _cLIB
999 _c21832
_d21832